01263nam a2200301 i 4500003000900000005001700009008004100026040004300067041001800110082001700128100002000145245020700165264006000372300002400432336002200456337002600478338002400504500000900528502010400537504003900641546004500680650003000725653000600755655008500761700001800846710004100864856005600905EG-GICUC20260211133059.0260211s1948 -uk |||| |||| 00| 0 eng d aEG-GICUCcEG-GICUCdEG-GICUCerdabeng0 aengbengdeng04221a348.80420 aBarakateAuthor12aThe Status of Aliens in Egypt Since 1937, with a Sketch of the Historical Development of Their Position and a Comparison of the Present Law in Egypt with the British Law as to Aliens /cby G.D. Barakat. 0aEngland :bUniversity of Oxford - Oriel College,c1948. a336 Pages ;c24 cm. 2rda contentaText 2rda mediaaunmediated 2rda carrieravolume aEng. a PHD Thesis - University of Oxford, Oriel College, Department of Private International Law , 1948. aIncludes bibliographic references. aText in English and abstract in English.04aPrivate International Law 0a. 4aUniversity theseszUniversity of OxfordxDepartment of Private International Law0 a.eAnnotator.2 aUniversity of Oxford.bOriel College uhttps://fll.law.cu.edu.eg/fulltext/th/T12-00374.pdf